000 00598nam a22001817a 4500
999 _c7440
_d7440
003 OSt
005 20211111101118.0
008 211111b ||||| |||| 00| 0 eng d
020 _a076197024x
040 _cDDC
100 _aHowells, John
_915249
245 _aThe management of innovation and technology :
_b the shaping of technology and institutions of the market economy
260 _aLondon;
_bSAGE:
_c©2005
300 _a290 p. :
_b ill. ;
_c25 cm
504 _aIncludes bibliographical references and index.
650 _aTechnological innovations -- Management.
_915250
942 _2ddc
_cBOOK